| 000 | 00579nam a22001937a 4500 | ||
|---|---|---|---|
| 003 | BD-DhJNU | ||
| 005 | 20250227030303.0 | ||
| 008 | 250227b |||||||| |||| 00| 0 eng d | ||
| 020 | _a9780470949764 | ||
| 040 |
_aBD-DhJNU _bENG _cBD-DhJNU _dBD-DhJNU |
||
| 082 |
_223 _a158.7 |
||
| 100 | _aSpector, Paul E | ||
| 245 |
_aIndustrial and organizational psychology : _bresearch & practice / _cPaul E. Spector |
||
| 260 |
_aUnited State America : _bWiley, _c2012. |
||
| 300 |
_axxi, 455 p. : _bill. ; _c23 cm. |
||
| 504 | _aincludes index | ||
| 650 | _aPsychology | ||
| 942 |
_2ddc _cBK _n0 |
||
| 999 |
_c1399 _d1399 |
||